000 01149nac a22002531u 4500
010 _a 91031493
020 _a1555872964 (alk. paper)
020 _a1555872743 (pbk. : alk. paper)
082 0 0 _a363.8
_bF811
090 _c2177
_d2177
100 _aFoster, Phillips,
245 1 4 _aThe world food problem :
_btackling the causes of undernutrition in the Third World /
_cPhillips Foster.
260 _aBoulder, Colo. :
_bLynne Rienner Publishers ;
_aLondon :
_bAdamantine Press,1992
_c1992.
300 _axx, 367 p. :
_bill. ;
_c24 cm.
504 _aIncludes bibliographical references (p. 343-359) and index.
650 0 _aFood supply
_zDeveloping countries.
650 0 _aPoor
_xNutrition
_zDeveloping countries.
650 0 _aMalnutrition
_zDeveloping countries.
650 0 _aFood supply
_xGovernment policy
_zDeveloping countries.
650 0 _aNutrition policy
_zDeveloping countries.
650 0 _aFood supply
_zDeveloping countries
_xInternational cooperation.
942 _cBB
_k363.8 F811
999 _c2177
_d2177